[Event "DVM U20 2012"]
[Site "Osnabrück GER"]
[Date "2012.12.30"]
[Round "7"]
[White "Meier, Lars"]
[Black "Zimmermann, Ulrich"]
[Result "0-1"]
[Termination "normal"]
[Board "1.1"]
[WhiteElo "2020"]
[BlackElo "2243"]
[WhiteTeam "Frankfurter TV 1860"]
[BlackTeam "SK Bebenhausen 1992"]
[WhiteFideId "24602396"]
[BlackFideId "24654523"]
[EventCountry "GER"]
[EventRounds "7"]
[EventType "team-swiss"]
[EventDate "2012.12.26"]

1. e4 e5 2. Nf3 Nc6 3. Bb5 g6 4. O-O Bg7 5. d3 Nge7 6. Nc3 O-O 7. Bg5 h6 8. Bh4
d6 9. Nd5 g5 10. Nxe7+ Nxe7 11. Bg3 f5 12. exf5 Nxf5 13. Bc4+ Kh8 14. Bd5 Ne7
15. Bb3 Bg4 16. Re1 Qd7 17. Re4 h5 18. Qd2 Bxf3 19. gxf3 Qf5 20. h4 gxh4 21.
Rxh4 Qg6 22. Kg2 Bh6 23. Qb4 Nf5 24. Rah1 Nxh4+ 25. Qxh4 Bf4 26. Bd5 c6 27. Be4
Qh6 28. c4 Kg7 29. b4 Rf7 30. Qxh5 Qxh5 31. Rxh5 Bxg3 32. fxg3 Rd8 33. c5 d5
34. Bf5 Rh8 35. Rxh8 Kxh8 36. g4 Kg7 37. Kf2 Kf6 38. Ke3 Kg5 39. a4 Rf8 40. b5
Rxf5 41. gxf5 Kxf5 42. d4 exd4+ 43. Kxd4 Kf4 44. a5 a6 0-1

[Event "DVM U20 2012"]
[Site "Osnabrück GER"]
[Date "2012.12.30"]
[Round "7"]
[White "Braun, Georg"]
[Black "Medvedovski, Michael"]
[Result "1-0"]
[Termination "normal"]
[Board "1.2"]
[WhiteElo "2186"]
[BlackElo "1922"]
[WhiteTeam "SK Bebenhausen 1992"]
[BlackTeam "Frankfurter TV 1860"]
[WhiteFideId "24629383"]
[BlackFideId "24600830"]
[EventCountry "GER"]
[EventRounds "7"]
[EventType "team-swiss"]
[EventDate "2012.12.26"]

1. e4 c5 2. Nf3 Nc6 3. d4 cxd4 4. Nxd4 e5 5. Nb5 a6 6. Nd6+ Bxd6 7. Qxd6 Qf6 8.
Qa3 Nge7 9. Nc3 Rb8 10. Be3 O-O 11. O-O-O Nd4 12. Ne2 Nec6 13. Bxd4 exd4 14.
Qf3 Qg5+ 15. Kb1 Qc5 16. Qd3 f5 17. exf5 d5 18. Nxd4 Nxd4 19. Qxd4 Qxd4 20.
Rxd4 Rxf5 21. f3 Re5 22. Bd3 Bd7 23. Kc1 Rbe8 24. Rd1 Bc6 25. c3 a5 26. Bf1 Re3
27. R4d3 R3e5 28. R3d2 Kf7 29. Rf2 Rd8 30. Re2 Rh5 31. h3 Bb5 32. Red2 Bxf1 33.
Rxf1 Re5 34. Rfd1 Ke6 35. Kc2 Rc8 36. Kd3 Kf6 37. Re2 Rg5 38. Rde1 Rc6 39. g4
h5 40. Re8 hxg4 41. hxg4 b6 42. Rf8+ Kg6 43. Rd8 Kf6 44. Rd7 Kg6 45. Ree7 Kh7
46. Re8 Rc5 47. Rdd8 Rc6 48. Ke3 Rf6 49. a4 Kg6 50. Rd7 Rc6 51. Red8 Re6+ 52.
Kf4 Rf6+ 53. Kg3 Re5 54. Rxd5 Re2 55. g5 Rf5 56. R8d6+ Kxg5 57. Rxf5+ Kxf5 58.
Rxb6 1-0

[Event "DVM U20 2012"]
[Site "Osnabrück GER"]
[Date "2012.12.30"]
[Round "7"]
[White "Keller, Peter"]
[Black "Wenninger, Philipp"]
[Result "1/2-1/2"]
[Termination "normal"]
[Board "1.3"]
[WhiteElo "2033"]
[BlackElo "2220"]
[WhiteTeam "Frankfurter TV 1860"]
[BlackTeam "SK Bebenhausen 1992"]
[WhiteFideId "1272105"]
[BlackFideId "4648404"]
[EventCountry "GER"]
[EventRounds "7"]
[EventType "team-swiss"]
[EventDate "2012.12.26"]

1. e4 c6 2. d4 d5 3. Nc3 dxe4 4. Nxe4 Bf5 5. Ng3 Bg6 6. Bc4 e6 7. N1e2 Bd6 8.
h4 h6 9. Nf4 Bxf4 10. Bxf4 Nf6 11. Bd3 Qxd4 12. Ne2 Qd5 13. Bxg6 fxg6 14. O-O
O-O 15. Bh2 Ng4 16. Bg3 Na6 17. Nc3 Qf5 18. Qe2 Nb4 19. Ne4 Nf6 20. Nd6 Qxc2
21. Qxe6+ Kh7 22. Nxb7 Rae8 23. Qb3 Qxb3 24. axb3 Ne4 25. Nd6 Nxg3 26. fxg3
Rxf1+ 27. Rxf1 Re2 28. Nc4 Nd3 29. Rf7 Nxb2 30. Rc7 Nd3 31. Rxc6 Re1+ 32. Kh2
Nf2 33. g4 Nxg4+ 34. Kg3 Nf6 35. Ra6 Rc1 36. Na5 Rc3+ 37. Kf4 Rc7 38. Nc6 Rb7
39. b4 Nd5+ 40. Kg3 Ne7 41. Rxa7 Nf5+ 42. Kh3 Rb6 43. Rc7 Ne3 44. Rc8 Nd5 45.
Ne5 Rxb4 46. Rc4 Rb3+ 47. Nf3 Ne3 48. Re4 Nf5 49. Kg4 Nd6 50. Rd4 Nf7 51. Re4
Rb2 52. Kh3 Rb5 53. Rf4 Kg8 54. Rg4 Kh7 55. Rf4 Nd6 56. Rd4 Nf5 57. Re4 Rb1 58.
Kh2 Ra1 59. Re2 Ra4 60. Kh3 Rb4 61. Re5 Rf4 62. Re8 1/2-1/2

[Event "DVM U20 2012"]
[Site "Osnabrück GER"]
[Date "2012.12.30"]
[Round "7"]
[White "Abrahamyan, Arsen"]
[Black "Gibicar, Danijel"]
[Result "0-1"]
[Termination "normal"]
[Board "1.5"]
[WhiteElo "1753"]
[BlackElo "2100"]
[WhiteTeam "Frankfurter TV 1860"]
[BlackTeam "SK Bebenhausen 1992"]
[WhiteFideId "1271755"]
[BlackFideId "24660256"]
[EventCountry "GER"]
[EventRounds "7"]
[EventType "team-swiss"]
[EventDate "2012.12.26"]

1. e4 e6 2. d4 d5 3. exd5 exd5 4. Bd3 Nf6 5. Ne2 c5 6. c3 Nc6 7. O-O c4 8. Bc2
Be7 9. Bf4 O-O 10. Nd2 Bg4 11. Re1 Qd7 12. Nf1 Bf5 13. Neg3 Bxc2 14. Qxc2 Rfe8
15. Nf5 Bf8 16. N1g3 Ne4 17. Re3 f6 18. Re2 Nxg3 19. Nxg3 Rxe2 20. Qxe2 Re8 21.
Qf3 Nd8 22. b4 Ne6 23. Re1 Nxd4 24. Qd1 Rxe1+ 25. Qxe1 Qe6 26. Qxe6+ Nxe6 27.
Be3 a6 28. Ne2 Bd6 29. f4 Kf7 30. Kf2 d4 31. Nxd4 Nxd4 32. Bxd4 Bxf4 33. h3 Ke6
34. Kf3 Bd6 35. Be3 Kd5 36. Bd2 f5 37. a4 Be5 38. g4 Ke6 39. Be1 g5 40. Bd2 Kf6
41. Be1 Kg6 42. Bd2 h5 43. Be1 fxg4+ 44. hxg4 h4 45. Ke4 h3 46. Kf3 h2 47. Kg2
Bf4 48. Bf2 b5 49. axb5 axb5 50. Bd4 Kf7 0-1

[Event "DVM U20 2012"]
[Site "Osnabrück GER"]
[Date "2012.12.30"]
[Round "7"]
[White "Lebeda, Timo"]
[Black "Polak, Elias"]
[Result "1-0"]
[Termination "normal"]
[Board "1.6"]
[WhiteElo "2047"]
[BlackElo "1824"]
[WhiteTeam "SK Bebenhausen 1992"]
[BlackTeam "Frankfurter TV 1860"]
[WhiteFideId "4638565"]
[BlackFideId "24692972"]
[EventCountry "GER"]
[EventRounds "7"]
[EventType "team-swiss"]
[EventDate "2012.12.26"]

1. c4 Nf6 2. Nf3 e6 3. Nc3 d5 4. d4 b6 5. cxd5 exd5 6. Bf4 Bd6 7. Bxd6 Qxd6 8.
e3 O-O 9. Rc1 a6 10. Bd3 Bb7 11. O-O Nbd7 12. Qc2 Rfe8 13. Na4 Rac8 14. Bf5 c5
15. dxc5 bxc5 16. Qb3 Rc7 17. Qa3 Qe7 18. Rc2 g6 19. Bh3 c4 20. Qxe7 Rxe7 21.
b3 Nc5 22. Nxc5 Rxc5 23. Rfc1 Rec7 24. Nd2 Ne8 25. g3 Nd6 26. Bg2 Bc8 27. b4
Rb5 28. a3 a5 29. Nb3 axb4 30. Nd4 Rb6 31. axb4 Rxb4 32. Bxd5 Bb7 33. Bf3 Bxf3
34. Nxf3 f6 35. Rd2 Nb5 36. Rd8+ Kf7 37. Nd4 c3 38. Kf1 Nxd4 39. Rxd4 Rb2 40.
Ke1 Ke6 41. Rd3 c2 42. Kd2 Ra2 43. Rc3 Rxc3 44. Kxc3 Ra3+ 45. Kd2 Ra7 46. Rxc2
f5 47. h4 Ke5 48. Ke2 Rd7 49. Ra2 Rb7 50. Kf3 Kf6 51. Ra6+ Ke5 52. h5 g5 53. g4
fxg4+ 54. Kxg4 Rb2 55. f4+ gxf4 56. exf4+ Ke4 57. Re6+ Kd5 58. Re7 h6 59. Kf5
Rb6 60. Re5+ 1-0

[Event "DVM U20 2012"]
[Site "Osnabrück GER"]
[Date "2012.12.30"]
[Round "7"]
[White "Linnemann, Niklas"]
[Black "Tkachuk, Konstantyn"]
[Result "1/2-1/2"]
[Termination "normal"]
[Board "2.1"]
[WhiteElo "1942"]
[BlackElo "2217"]
[WhiteTeam "TuS Coswig 1920"]
[BlackTeam "Schachgesellschaft Bochum 1931"]
[WhiteFideId "24695645"]
[BlackFideId "24647330"]
[EventCountry "GER"]
[EventRounds "7"]
[EventType "team-swiss"]
[EventDate "2012.12.26"]

1. e4 c5 2. Nf3 d6 3. d4 cxd4 4. Nxd4 Nf6 5. Nc3 g6 6. Be3 Bg7 7. f3 O-O 8. Qd2
Nc6 9. Bc4 Bd7 10. Bb3 Rc8 11. O-O-O Ne5 12. Kb1 Nc4 13. Bxc4 Rxc4 14. g4 a6
15. h4 h5 16. g5 Ne8 17. f4 Bg4 18. Rdf1 b5 19. f5 Nc7 20. b3 Rc5 21. Nde2 b4
22. Nd1 Bxe2 23. Qxe2 Rc6 24. Qd2 a5 25. Rh2 Nb5 26. Qd3 Na3+ 27. Kc1 Qc7 28.
f6 Rc8 29. c4 d5 30. exd5 Rxc4+ 31. bxc4 Qxh2 32. Rf2 Qxh4 33. fxg7 Rxc4+ 34.
Kb2 Qe4 35. Qxe4 Rxe4 36. Rf4 Nc4+ 37. Kb3 Rxe3+ 38. Kxc4 1/2-1/2

[Event "DVM U20 2012"]
[Site "Osnabrück GER"]
[Date "2012.12.30"]
[Round "7"]
[White "Mazarov, Jürgen"]
[Black "Müller, Richard"]
[Result "0-1"]
[Termination "normal"]
[Board "2.2"]
[WhiteElo "2158"]
[BlackElo "2078"]
[WhiteTeam "Schachgesellschaft Bochum 1931"]
[BlackTeam "TuS Coswig 1920"]
[WhiteFideId "24617768"]
[BlackFideId "24647128"]
[EventCountry "GER"]
[EventRounds "7"]
[EventType "team-swiss"]
[EventDate "2012.12.26"]

1. e4 g6 2. h4 d5 3. exd5 Nf6 4. Nc3 Nxd5 5. Nxd5 Qxd5 6. h5 Bg7 7. hxg6 hxg6
8. Rxh8+ Bxh8 9. Qf3 Qe5+ 10. Ne2 Nc6 11. c3 Qa5 12. d4 Bf5 13. g4 Be6 14. Bd2
O-O-O 15. Bg2 Bd5 16. Qh3 Bxg2 17. Qxg2 Qb5 18. b3 Qd3 19. Qg3 Qc2 20. Bf4 Bg7
21. Kf1 e5 22. Bxe5 Bxe5 23. dxe5 Rd1+ 0-1

[Event "DVM U20 2012"]
[Site "Osnabrück GER"]
[Date "2012.12.30"]
[Round "7"]
[White "Kieslich, Aaron"]
[Black "Kahleys, Kevin"]
[Result "1/2-1/2"]
[Termination "normal"]
[Board "2.3"]
[WhiteElo "1995"]
[BlackElo "2189"]
[WhiteTeam "TuS Coswig 1920"]
[BlackTeam "Schachgesellschaft Bochum 1931"]
[WhiteFideId "1270391"]
[BlackFideId "24669601"]
[EventCountry "GER"]
[EventRounds "7"]
[EventType "team-swiss"]
[EventDate "2012.12.26"]

1. e4 e6 2. d4 d5 3. Nd2 Nf6 4. e5 Nfd7 5. Bd3 c5 6. c3 Nc6 7. Ne2 Qb6 8. Nf3
cxd4 9. cxd4 f6 10. exf6 Nxf6 11. O-O Bd6 12. b3 O-O 13. Bf4 Qc7 14. Bg3 e5 15.
dxe5 Nxe5 16. Nxe5 Bxe5 17. Rc1 Qd6 18. Qc2 Bxg3 19. Nxg3 Bd7 20. Qc7 Qxc7 21.
Rxc7 Bc6 22. Nf5 Rf7 23. Rxf7 Kxf7 24. Re1 g6 25. Nd4 Re8 26. Rxe8 Nxe8 27. f4
Nd6 28. Kf2 Bd7 29. h3 h5 30. Kf3 Kf6 31. g4 hxg4+ 32. hxg4 g5 33. f5 Nf7 34.
Ke3 Ne5 35. Be2 a6 36. Nc2 1/2-1/2

[Event "DVM U20 2012"]
[Site "Osnabrück GER"]
[Date "2012.12.30"]
[Round "7"]
[White "Butschek, Marc"]
[Black "Pönisch, Johannes"]
[Result "0-1"]
[Termination "normal"]
[Board "2.4"]
[WhiteElo "1958"]
[BlackElo "1945"]
[WhiteTeam "Schachgesellschaft Bochum 1931"]
[BlackTeam "TuS Coswig 1920"]
[WhiteFideId "4630904"]
[BlackFideId "24603201"]
[EventCountry "GER"]
[EventRounds "7"]
[EventType "team-swiss"]
[EventDate "2012.12.26"]

1. e4 c5 2. c3 d5 3. exd5 Qxd5 4. d4 Nf6 5. Na3 e6 6. Nb5 Na6 7. Be3 cxd4 8.
Nxd4 Bd7 9. Ngf3 Nc7 10. Be2 Be7 11. O-O O-O 12. Qc2 b5 13. Rfd1 Qb7 14. Ng5 h6
15. Bf3 Ncd5 16. Bxd5 exd5 17. Ngf3 Ne4 18. Ne5 Bf6 19. Nxd7 Qxd7 20. Ne2 Rad8
21. Nf4 Qb7 22. Qb3 d4 23. Bxd4 Bxd4 24. Rxd4 Rxd4 25. cxd4 Qb6 26. Qe3 Nf6 27.
Rd1 Re8 28. Qd3 Qd6 29. g3 a6 30. Ng2 Rd8 31. Ne3 g6 32. d5 Nd7 33. Qd4 Rc8 34.
Ng4 Kh7 35. Re1 Rc4 36. Qd1 h5 37. Ne3 Rc5 38. Qf3 Kg7 39. Qxh5 gxh5 40. Nf5+
Kg6 41. Nxd6 Rxd5 42. Ne4 Ne5 43. Kg2 Nd3 44. Re2 h4 45. a3 hxg3 46. hxg3 Ne5
47. f4 Nc4 48. g4 Rd4 49. f5+ Kg7 50. Kf3 Rd3+ 51. Kf4 Rb3 52. f6+ Kg6 53. Rh2
Nxb2 54. Rh8 Nd3+ 55. Kg3 Nc5+ 56. Kf4 Nxe4 57. Kxe4 Rxa3 58. Ke5 Re3+ 59. Kf4
Rc3 60. g5 Rc4+ 61. Ke5 Kxg5 62. Rg8+ Kh4 63. Rg7 Rc7 64. Kd6 Ra7 65. Kc6 b4
66. Kb6 Rd7 67. Kxa6 Rd6+ 68. Kb5 Rxf6 69. Kxb4 Kh5 70. Kc3 Kh6 71. Rg8 Re6 72.
Kd2 f5 73. Rg3 Kh5 74. Rg8 f4 75. Rh8+ Kg4 76. Rg8+ Kf3 77. Rg7 Kf2 78. Rg8
Rd6+ 79. Kc2 f3 80. Rf8 Ke2 81. Re8+ Kf1 82. Rf8 f2 83. Rg8 Rd5 84. Rg7 Ke2 85.
Re7+ Kf3 86. Rf7+ Ke3 87. Kc3 Rc5+ 88. Kb4 Rg5 89. Kc3 Rg4 0-1

[Event "DVM U20 2012"]
[Site "Osnabrück GER"]
[Date "2012.12.30"]
[Round "7"]
[White "Thanabalasingam, Ajandhan"]
[Black "von Koslowski, Utz"]
[Result "1-0"]
[Termination "normal"]
[Board "2.6"]
[WhiteElo "2002"]
[BlackElo "1691"]
[WhiteTeam "Schachgesellschaft Bochum 1931"]
[BlackTeam "TuS Coswig 1920"]
[WhiteFideId "24601659"]
[BlackFideId "12964247"]
[EventCountry "GER"]
[EventRounds "7"]
[EventType "team-swiss"]
[EventDate "2012.12.26"]

1. e4 e5 2. Nf3 Nc6 3. Bb5 a6 4. Ba4 Bc5 5. c3 Nf6 6. O-O O-O 7. d4 exd4 8.
cxd4 Bb6 9. e5 Nd5 10. Bb3 Nce7 11. Bg5 Qe8 12. Nc3 Nxc3 13. bxc3 h6 14. Bf4
Ng6 15. Bg3 Ba5 16. Qd3 Kh8 17. h4 f5 18. exf6 Rxf6 19. Rae1 Qf8 20. h5 Ne7 21.
Bh4 d6 22. Bxf6 gxf6 23. Nh4 1-0

[Event "DVM U20 2012"]
[Site "Osnabrück GER"]
[Date "2012.12.30"]
[Round "7"]
[White "Colpe, Malte"]
[Black "Mons, Leon"]
[Result "1-0"]
[Termination "normal"]
[Board "3.1"]
[BlackTitle "FM"]
[WhiteElo "2348"]
[BlackElo "2339"]
[WhiteTeam "Hamburger SK von 1830"]
[BlackTeam "SC Forchheim"]
[WhiteFideId "24623075"]
[BlackFideId "4614950"]
[EventCountry "GER"]
[EventRounds "7"]
[EventType "team-swiss"]
[EventDate "2012.12.26"]

1. d4 d5 2. c4 e6 3. Nc3 Be7 4. Nf3 Nf6 5. Bf4 O-O 6. Rc1 b6 7. e3 Bb7 8. cxd5
Nxd5 9. Nxd5 Qxd5 10. Bd3 Bd6 11. O-O Bxf4 12. exf4 Nc6 13. Re1 Nxd4 14. Be4
Nxf3+ 15. Qxf3 Qxe4 16. Rxe4 f5 17. Qb3 Bxe4 18. Qxe6+ Kh8 19. Rxc7 1-0

[Event "DVM U20 2012"]
[Site "Osnabrück GER"]
[Date "2012.12.30"]
[Round "7"]
[White "Miller, Eduard"]
[Black "Meißner, Felix"]
[Result "0-1"]
[Termination "normal"]
[Board "3.2"]
[WhiteElo "2137"]
[BlackElo "2255"]
[WhiteTeam "SC Forchheim"]
[BlackTeam "Hamburger SK von 1830"]
[WhiteFideId "24687022"]
[BlackFideId "24671827"]
[EventCountry "GER"]
[EventRounds "7"]
[EventType "team-swiss"]
[EventDate "2012.12.26"]

1. e4 c5 2. Nf3 d6 3. d4 cxd4 4. Nxd4 Nf6 5. Nc3 a6 6. h3 e6 7. g4 Be7 8. Bg2
Nfd7 9. Be3 Nc6 10. Qe2 Nxd4 11. Bxd4 O-O 12. O-O-O b5 13. f4 Bb7 14. a3 Qc7
15. h4 e5 16. fxe5 Nxe5 17. Nd5 Bxd5 18. exd5 Rab8 19. Bc3 a5 20. Be4 g6 21. h5
Bf6 22. Rdf1 b4 23. Rxf6 bxc3 24. b3 Qc5 25. Kd1 Qd4+ 26. Kc1 Nd3+ 27. Bxd3
Qxf6 28. Qh2 Qg7 29. Qxd6 Rbd8 30. Qc5 Qe5 31. hxg6 hxg6 32. Qxa5 Rxd5 33. Qb4
Rfd8 34. Kb1 Rb8 35. Qc4 Rc5 36. Qa4 Ra5 37. Qc4 Rc5 38. Qa4 Rd8 39. Ka2 Ra5
40. Qc6 Rc5 41. Qf3 Rc7 42. Qh3 Qg7 43. Re1 Ra7 44. Re4 Qf8 45. a4 Re7 46. Rc4
Re1 47. Rxc3 Rde8 48. Qh4 Qg7 49. Kb2 Rb1+ 0-1

[Event "DVM U20 2012"]
[Site "Osnabrück GER"]
[Date "2012.12.30"]
[Round "7"]
[White "Doberitz, Paul"]
[Black "Killmann, Martin"]
[Result "1-0"]
[Termination "normal"]
[Board "3.3"]
[WhiteElo "2237"]
[BlackElo "1808"]
[WhiteTeam "Hamburger SK von 1830"]
[BlackTeam "SC Forchheim"]
[WhiteFideId "24646130"]
[BlackFideId "24651559"]
[EventCountry "GER"]
[EventRounds "7"]
[EventType "team-swiss"]
[EventDate "2012.12.26"]

1. e4 e6 2. d4 d5 3. Nc3 Nf6 4. Bg5 Bb4 5. e5 h6 6. Bd2 Bxc3 7. bxc3 Ne4 8. Qg4
g6 9. Bd3 Nxd2 10. Kxd2 c5 11. Rb1 cxd4 12. cxd4 Qa5+ 13. Ke2 Nc6 14. Nf3 Nb4
15. Rb2 Nxa2 16. Qf4 Nc3+ 17. Ke3 b6 18. Rb3 Bd7 19. Nh4 Ne4 20. Bxe4 dxe4 21.
Qxe4 Rc8 22. Qd3 Ba4 23. Ra1 b5 24. Nxg6 Rg8 25. Nf4 Qc7 26. Rb2 Qa5 27. Ke2 b4
28. Rba2 Rc3 29. Rxa4 Qc7 30. Rxa7 Rxc2+ 31. Kd1 1-0

[Event "DVM U20 2012"]
[Site "Osnabrück GER"]
[Date "2012.12.30"]
[Round "7"]
[White "Mann, Johannes"]
[Black "Gharibyan, Harutyun"]
[Result "0-1"]
[Termination "normal"]
[Board "3.4"]
[WhiteElo "1904"]
[BlackElo "2138"]
[WhiteTeam "SC Forchheim"]
[BlackTeam "Hamburger SK von 1830"]
[WhiteFideId "24691380"]
[BlackFideId "24632058"]
[EventCountry "GER"]
[EventRounds "7"]
[EventType "team-swiss"]
[EventDate "2012.12.26"]

1. e4 e5 2. Nf3 Nc6 3. Bb5 a6 4. Ba4 Nf6 5. O-O b5 6. Bb3 Bc5 7. c3 d6 8. d4
Bb6 9. Re1 h6 10. h3 Bb7 11. d5 Ne7 12. Nbd2 O-O 13. Nf1 Nh7 14. Be3 f5 15.
Bxb6 cxb6 16. N3d2 f4 17. Qe2 Ng5 18. Nh2 Nh7 19. Rec1 Nf6 20. Bc2 g5 21. Bd3
Ng6 22. a4 bxa4 23. Rxa4 b5 24. Raa1 Qb6 25. b4 f3 26. Nhxf3 Nf4 27. Qf1 g4 28.
hxg4 Nxg4 29. Bb1 Rac8 30. Nb3 Rc7 31. Ra2 Rg7 32. Kh1 Qd8 33. g3 Qe8 34. Nh4
Qh5 35. Re1 Ng6 36. Qh3 Bc8 0-1

[Event "DVM U20 2012"]
[Site "Osnabrück GER"]
[Date "2012.12.30"]
[Round "7"]
[White "Grötzbach, Julian"]
[Black "Wagner, Robert"]
[Result "1-0"]
[Termination "normal"]
[Board "3.5"]
[WhiteElo "2006"]
[BlackElo "1806"]
[WhiteTeam "Hamburger SK von 1830"]
[BlackTeam "SC Forchheim"]
[WhiteFideId "24600938"]
[BlackFideId "24656879"]
[EventCountry "GER"]
[EventRounds "7"]
[EventType "team-swiss"]
[EventDate "2012.12.26"]

1. e4 c5 2. Nf3 d6 3. d4 cxd4 4. Nxd4 Nf6 5. Nc3 g6 6. Be3 Bg7 7. f3 O-O 8. Qd2
Nc6 9. g4 h5 10. gxh5 Nxh5 11. O-O-O Nxd4 12. Bxd4 Bxd4 13. Qxd4 Be6 14. Nd5
Bxd5 15. exd5 Qa5 16. Kb1 Qc5 17. Qd2 Rac8 18. Be2 Nf4 19. c3 Nxe2 20. Qxe2
Rfe8 21. h4 Qc4 22. Qe3 Rc5 23. Rd4 Qb5 24. h5 Rxd5 25. hxg6 Rxd4 26. Rh8+ Kg7
27. Qh6+ Kf6 28. gxf7+ Kf5 29. Qh5+ Ke6 30. Rh6+ 1-0

[Event "DVM U20 2012"]
[Site "Osnabrück GER"]
[Date "2012.12.30"]
[Round "7"]
[White "Nöttling, Dominik"]
[Black "Weidmann, Kevin"]
[Result "1-0"]
[Termination "normal"]
[Board "3.6"]
[WhiteElo "1814"]
[BlackElo "1710"]
[WhiteTeam "SC Forchheim"]
[BlackTeam "Hamburger SK von 1830"]
[WhiteFideId "24672807"]
[BlackFideId "12939994"]
[EventCountry "GER"]
[EventRounds "7"]
[EventType "team-swiss"]
[EventDate "2012.12.26"]

1. e4 c5 2. Nf3 Nc6 3. d4 cxd4 4. Nxd4 e5 5. Nf3 Nf6 6. Nbd2 d5 7. Bb5 Qb6 8.
Qe2 Nxe4 9. Nxe4 dxe4 10. Nxe5 Be6 11. Bxc6+ bxc6 12. Qxe4 Bd5 13. Qe2 Qb4+ 14.
c3 Qe4 15. Qxe4 Bxe4 16. O-O c5 17. Re1 Rd8 18. Nc6 Rd1 19. Rxd1 Bxc6 20. Bf4
f6 21. Bd6 Ba4 22. b3 Bc6 23. Bxf8 Rxf8 24. Rd6 Ba8 25. Rad1 1-0

[Event "DVM U20 2012"]
[Site "Osnabrück GER"]
[Date "2012.12.30"]
[Round "7"]
[White "Hobusch, Alexander"]
[Black "Carow, Johannes"]
[Result "0-1"]
[Termination "normal"]
[Board "4.1"]
[WhiteElo "2177"]
[BlackElo "2260"]
[WhiteTeam "SG Solingen"]
[BlackTeam "Sfr. Heidesheim"]
[WhiteFideId "24611387"]
[BlackFideId "24692050"]
[EventCountry "GER"]
[EventRounds "7"]
[EventType "team-swiss"]
[EventDate "2012.12.26"]

1. d4 Nf6 2. Nf3 c5 3. d5 b5 4. Bg5 Ne4 5. Bh4 Bb7 6. a4 Qa5+ 7. c3 f5 8. Qd3
b4 9. g4 bxc3 10. bxc3 Nd6 11. Ne5 g6 12. Bg2 Bg7 13. Qe3 O-O 14. f4 fxg4 15.
Bf2 Nf5 16. Qd2 d6 17. Nxg4 Nd7 18. e4 Nh6 19. h3 Nxg4 20. hxg4 Rxf4 21. Be3
Rf7 0-1

[Event "DVM U20 2012"]
[Site "Osnabrück GER"]
[Date "2012.12.30"]
[Round "7"]
[White "Carow, Annelen"]
[Black "Kyas, Marcel"]
[Result "1-0"]
[Termination "normal"]
[Board "4.2"]
[WhiteElo "2009"]
[BlackElo "2145"]
[WhiteTeam "Sfr. Heidesheim"]
[BlackTeam "SG Solingen"]
[WhiteFideId "24692492"]
[BlackFideId "24642037"]
[EventCountry "GER"]
[EventRounds "7"]
[EventType "team-swiss"]
[EventDate "2012.12.26"]

1. d4 Nf6 2. c4 e6 3. Nc3 Bb4 4. a3 Bxc3+ 5. bxc3 c5 6. e3 b6 7. Bd3 Bb7 8. f3
Nc6 9. Ne2 O-O 10. O-O Rc8 11. e4 Ne8 12. d5 Ne5 13. f4 Nxd3 14. Qxd3 f5 15.
Ng3 g6 16. Be3 fxe4 17. Nxe4 exd5 18. cxd5 c4 19. Qd2 Rf5 20. Bd4 Rxd5 21. Qe3
Rc6 22. Ng5 Ng7 23. Rae1 Ne6 24. Qh3 Rxg5 25. fxg5 Qxg5 26. Qf3 Qe7 27. Qg3 Qd6
28. Qh4 Nxd4 29. Re8+ Kg7 30. Re7+ 1-0

[Event "DVM U20 2012"]
[Site "Osnabrück GER"]
[Date "2012.12.30"]
[Round "7"]
[White "Fichtner, Ewald"]
[Black "Perske, Thore"]
[Result "0-1"]
[Termination "normal"]
[Board "4.3"]
[WhiteElo "2041"]
[BlackElo "2068"]
[WhiteTeam "SG Solingen"]
[BlackTeam "Sfr. Heidesheim"]
[WhiteFideId "1270194"]
[BlackFideId "12902195"]
[EventCountry "GER"]
[EventRounds "7"]
[EventType "team-swiss"]
[EventDate "2012.12.26"]

1. d4 Nf6 2. c4 g6 3. g3 Bg7 4. Bg2 O-O 5. Nf3 d6 6. Nc3 Nc6 7. O-O a6 8. e4
Bg4 9. a3 Bxf3 10. Bxf3 e5 11. d5 Nd4 12. Be3 Nd7 13. Bg2 c5 14. dxc6 bxc6 15.
b4 Qe7 16. Qd3 Rfb8 17. Rfb1 Qe6 18. a4 h5 19. h4 Ra7 20. Ra2 Rab7 21. Rab2 a5
22. b5 Nc5 23. Qf1 Kh7 24. Bh3 Qe7 25. Qd1 Bh6 26. Rd2 Nce6 27. Kg2 Qc7 28. Ne2
c5 29. Nc3 Qd8 30. Nd5 Nc7 31. Bxh6 Kxh6 32. Ne3 Kg7 33. Qe1 Qf6 34. Ra2 Ra8
35. Qd1 Rab8 36. Qe1 Na8 37. Qxa5 Qf3+ 38. Kg1 Qxe4 39. Rbb2 Nf3+ 40. Kf1 Nxh4
41. gxh4 Qh1+ 42. Ke2 Qxh3 43. Qd2 Nb6 44. Qxd6 Nxc4 45. Nxc4 Qg4+ 46. Ke1 Rd7
47. Qxe5+ f6 48. Qe2 Qg1+ 49. Qf1 Rd1+ 50. Kxd1 Qxf1+ 51. Kd2 Qxc4 0-1

[Event "DVM U20 2012"]
[Site "Osnabrück GER"]
[Date "2012.12.30"]
[Round "7"]
[White "Faldum, Manfred"]
[Black "Wroblowski, Oliver"]
[Result "1/2-1/2"]
[Termination "normal"]
[Board "4.4"]
[WhiteElo "1919"]
[BlackElo "2088"]
[WhiteTeam "Sfr. Heidesheim"]
[BlackTeam "SG Solingen"]
[WhiteFideId "12921459"]
[BlackFideId "24698679"]
[EventCountry "GER"]
[EventRounds "7"]
[EventType "team-swiss"]
[EventDate "2012.12.26"]

1. e4 c5 2. Nf3 d6 3. d3 g6 4. g3 Bg7 5. Bg2 Nc6 6. O-O e5 7. Nc3 Nge7 8. Nd2
O-O 9. Nc4 Be6 10. a4 Rb8 11. Nd5 Nb4 12. Nce3 Nbxd5 13. exd5 Bd7 14. Nc4 Qc7
15. Bd2 Rbe8 16. Re1 b6 17. f4 f6 18. c3 Bc8 19. fxe5 fxe5 20. Bg5 Bf6 21. Bxf6
Rxf6 22. Qe2 Bb7 23. Ne3 Nf5 24. Rf1 Ref8 25. Be4 Nxe3 26. Qxe3 Rxf1+ 27. Rxf1
Rxf1+ 28. Kxf1 Qf7+ 29. Qf3 Qxf3+ 1/2-1/2

[Event "DVM U20 2012"]
[Site "Osnabrück GER"]
[Date "2012.12.30"]
[Round "7"]
[White "Shishkov, Mark"]
[Black "Luzius, Jannik"]
[Result "1-0"]
[Termination "normal"]
[Board "4.5"]
[WhiteElo "1842"]
[BlackElo "1652"]
[WhiteTeam "SG Solingen"]
[BlackTeam "Sfr. Heidesheim"]
[WhiteFideId "12911682"]
[BlackFideId "1271981"]
[EventCountry "GER"]
[EventRounds "7"]
[EventType "team-swiss"]
[EventDate "2012.12.26"]

1. d4 Nf6 2. c4 g6 3. Nc3 Bg7 4. e4 d6 5. Nf3 O-O 6. h3 e5 7. dxe5 dxe5 8. Be3
Qxd1+ 9. Rxd1 c6 10. c5 Be6 11. Ng5 Re8 12. Nxe6 Rxe6 13. Bc4 Re8 14. O-O Na6
15. Bxa6 bxa6 16. Rd6 Rec8 17. Rfd1 h6 18. f3 Ne8 19. Rd7 Nf6 20. R7d6 Ne8 21.
Rd7 Nf6 22. R7d3 Rab8 23. Na4 Bf8 24. b3 Kg7 25. Nb2 Rb5 26. a4 Rbb8 27. Nc4
Re8 28. Nd6 Bxd6 29. Rxd6 g5 30. Rxc6 Rxb3 31. Bf2 Rc3 32. Rxa6 Re7 33. Rdd6
Rc1+ 34. Kh2 Ne8 35. Rd2 Rc7 36. Rd8 Re7 37. Ra8 Rc2 38. Bg1 Rc4 39. R8xa7 Rxa7
40. Rxa7 Nf6 41. a5 h5 42. a6 g4 43. Rb7 Rc2 44. a7 Ra2 45. fxg4 hxg4 46. hxg4
Nxg4+ 47. Kg3 Nf6 48. c6 Nxe4+ 49. Kh2 1-0